000 01055cab a2200313 4500
001 ABS50291
008 090401t1994 xxu||||| |||| 00| 0 eng d
035 _a(Sirsi) u75105
041 _aeng
245 _aNightmare neighbours
260 _c1994
350 _a0
490 _aWhich?
_vMarch 1994, 26-29(4)
520 _aA guide to resolving the most common problems people have with neighbours, discussing rights and a new law designed to control street noise. Looks at issues such as building work, alarms, dogs, parking, boundaries and repairs amongst others.
650 _aACCESS TO NEIGHBOURING LAND ACT 1992
650 _aALARMS
650 _aDANGEROUS DOGS ACT 1991
650 _aENVIRONMENTAL PROTECTION ACT 1990
650 _aNOISE NUISANCE
650 _aPARKING
650 _aParty walls
_96258
650 _aPLANNING PERMISSION
650 _aPROPERTY LAW
650 _aTHIRD PARTY INSURANCE
690 _aENVIRONMENTAL AND LAND CONSULTANCY
690 _aPROPERTY LAW AND PRACTICE
942 _n0
948 _c04/03/1997
999 _c47318
_d47318